000
00249nam a2200097Ia 4500
001
904158
005
20250826184926.0
008
250824s9999 xx 000 0 und d
245
0
_a
HİKAYELER
_c
ANONİM
260
_b
MİLLİ EĞİTİM BAKANLIĞI YAYINLARI
999
_c
904158
_d
904158